000 00745nas a2200253 4500
001 BR2016003823
003 BR-BrBNA
005 20231205130602.0
007 ta
008 230509b bl.|||p| |||| 00| 00por d
040 _aBR-BrBNA
_bpor
_cBiblioteca Nacional de Agricultura
041 _a(Pt)
072 _aM12; L40
100 1 _aVieira, W.L. da S.
100 1 _aArzabe, C.
245 1 _aDescrição do girino de Physalaemus cicada (Anura, Leiuperidae)
650 _aGIRINO
650 _aDESOVA
650 _aMORFOLOGIA ANIMAL
650 _aLARVA
773 0 _tIheringia. Série Zoologia (Brazil)
_xISSN 0073-4721
_g(Jun 2008), v. 98(2) p. 266-269
_wBR2016003823
909 _a202311
_bLúcia
_c55
_dLúcia Elande
942 _2AGRIS
_n0
_cANA
999 _c250218
_d250218